Информационные ресурсы предприятия как фактор конкурентного преимущества в условиях российской экономики; Вестник науки Сибири; № 4 (10)
| Parent link: | Вестник науки Сибири: электронный научный журнал/ Томский политехнический университет (ТПУ).— , 2011-.— 2226-0064 № 4 (10).— 2013.— [С. 188-192] |
|---|---|
| Autor Principal: | |
| Autor Corporativo: | |
| Summary: | Заглавие с титульного листа В статье рассмотрены наиболее актуальные для отечественных предприятий аспекты эффективного использования информационных ресурсов, а так же связанные с данной тематикой особенности менеджмента. Проведён анализ сложившейся ситуации в контексте работ различных авторов; выявлены соответствующие закономерности, тенденции и долгосрочные перспективы развития. Так же рассмотрены вопросы несовершенства описательных механизмов современной экономической теории применимо к предмету статьи. |
| Idioma: | ruso |
| Publicado: |
2013
|
| Series: | Экономика и менеджмент |
| Subjects: | |
| Acceso en liña: | http://earchive.tpu.ru/handle/11683/16347 |
| Formato: | MixedMaterials Electrónico Capítulo de libro |
| KOHA link: | https://koha.lib.tpu.ru/cgi-bin/koha/opac-detail.pl?biblionumber=527817 |
MARC
| LEADER | 00000naa2a2200000 4500 | ||
|---|---|---|---|
| 001 | 527817 | ||
| 005 | 20231101111945.0 | ||
| 035 | |a (RuTPU)RU\TPU\prd\211914 | ||
| 035 | |a RU\TPU\prd\211903 | ||
| 090 | |a 527817 | ||
| 100 | |a 20140203d2013 k y0rusy50 ca | ||
| 101 | 0 | |a rus | |
| 102 | |a RU | ||
| 135 | |a drnn ---uucaa | ||
| 181 | 0 | |a i | |
| 182 | 0 | |a b | |
| 200 | 1 | |a Информационные ресурсы предприятия как фактор конкурентного преимущества в условиях российской экономики |f А. А. Ишков | |
| 203 | |a Текст |c электронный | ||
| 215 | |a 1 файл (481 Кб) | ||
| 225 | 1 | |a Экономика и менеджмент | |
| 230 | |a Электронные текстовые данные (1 файл : 481 Кб) | ||
| 300 | |a Заглавие с титульного листа | ||
| 320 | |a [Библиогр.: с. 192 (10 назв.)] | ||
| 330 | |a В статье рассмотрены наиболее актуальные для отечественных предприятий аспекты эффективного использования информационных ресурсов, а так же связанные с данной тематикой особенности менеджмента. Проведён анализ сложившейся ситуации в контексте работ различных авторов; выявлены соответствующие закономерности, тенденции и долгосрочные перспективы развития. Так же рассмотрены вопросы несовершенства описательных механизмов современной экономической теории применимо к предмету статьи. | ||
| 337 | |a Adobe Reader | ||
| 461 | 1 | |0 (RuTPU)RU\TPU\prd\143680 |x 2226-0064 |t Вестник науки Сибири |o электронный научный журнал |f Томский политехнический университет (ТПУ) |d 2011- | |
| 463 | 1 | |0 (RuTPU)RU\TPU\prd\211275 |t № 4 (10) |v [С. 188-192] |d 2013 | |
| 610 | 1 | |a труды учёных ТПУ | |
| 610 | 1 | |a электронный ресурс | |
| 610 | 1 | |a российская экономика | |
| 610 | 1 | |a информационные ресурсы | |
| 610 | 1 | |a менеджмент | |
| 610 | 1 | |a экономическая теория | |
| 610 | 1 | |a информационные технологии | |
| 610 | 1 | |a модернизация | |
| 610 | 1 | |a конкуренция | |
| 700 | 1 | |a Ишков |b А. А. |g Алексей Анатольевич | |
| 712 | 0 | 2 | |a Национальный исследовательский Томский политехнический университет (ТПУ) |b Институт социально-гуманитарных технологий (ИСГТ) |b Кафедра экономики (ЭКОН) |h 149 |2 stltpush |3 (RuTPU)RU\TPU\col\18375 |
| 801 | 1 | |a RU |b 63413507 |c 20090623 |g PSBO | |
| 801 | 2 | |a RU |b 63413507 |c 20180115 |g PSBO | |
| 856 | 4 | |u http://earchive.tpu.ru/handle/11683/16347 | |
| 942 | |c BK | ||